Industrial chemistry / (Record no. 2909)
[ view plain ]
| 000 -LEADER | |
|---|---|
| fixed length control field | 00695nac a22001811u 4500 |
| 020 ## - INTERNATIONAL STANDARD BOOK NUMBER | |
| International Standard Book Number | 8126117591 |
| 082 ## - DEWEY DECIMAL CLASSIFICATION NUMBER | |
| Classification number | 660 |
| Item number | Ar676 |
| 090 ## - LOCALLY ASSIGNED LC-TYPE CALL NUMBER (OCLC); LOCAL CALL NUMBER (OCLC) | |
| -- | 2909 |
| -- | 2909 |
| 100 ## - MAIN ENTRY--PERSONAL NAME | |
| Personal name | Arora .M.G. |
| 245 ## - TITLE STATEMENT | |
| Title | Industrial chemistry / |
| Statement of responsibility, etc | M.G.Rora ,M.Singh. |
| 260 ## - PUBLICATION, DISTRIBUTION, ETC. (IMPRINT) | |
| Place of publication, distribution, etc | New Delhi:[2004]. |
| Name of publisher, distributor, etc | Anmol Publications, |
| Date of publication, distribution, etc | c[2004]. |
| 300 ## - PHYSICAL DESCRIPTION | |
| Extent | 691p.: |
| Other physical details | ill; |
| Dimensions | 22cm. |
| 650 ## - SUBJECT ADDED ENTRY--TOPICAL TERM | |
| Topical term or geographic name as entry element | Chemistry, Technical. |
| 700 ## - ADDED ENTRY--PERSONAL NAME | |
| Personal name | Singh ,M. |
| 942 ## - ADDED ENTRY ELEMENTS (KOHA) | |
| Item type | Book - Borrowing |
| Call number prefix | 660Ar676 |
| Withdrawn status | Item status | Damaged status | Not for loan | Home library | Current library | Shelving location | Date acquired | Source of acquisition | Total Checkouts | Full call number | Barcode | Date last seen | Date last borrowed | Cost, replacement price | Koha item type |
|---|---|---|---|---|---|---|---|---|---|---|---|---|---|---|---|
| Central Library | Central Library | First floor | 07/03/2011 | Purchase | 2 | 660 ARO | 000001377 | 15/07/2025 | 21/10/2008 | 78.00 | Book - Borrowing | ||||
| Central Library | Central Library | First floor | 07/03/2012 | Purchase | 660 ARO | 000001174 | 15/07/2025 | Book - Borrowing |